2529-四日市市(三重県)の駅 - Statistics

General Stats
  • This quiz has been taken 18 times
  • The average score is 18 of 35
Answer Stats
Answer % Correct
四日市
100%
近鉄四日市
88%
富田
81%
塩浜
81%
近鉄富田
81%
あすなろう四日市
69%
富田浜
63%
川原町
63%
内部
63%
南四日市
56%
海山道
56%
新正
56%
日永
56%
西日野
56%
河原田
50%
阿倉川
50%
50%
霞ヶ浦
44%
伊勢松本
44%
44%
追分
44%
38%
北楠
38%
伊勢川島
38%
高角
38%
暁学園前
38%
保々
38%
赤堀
38%
南日永
38%
中川原
31%
大矢知
31%
平津
31%
小古曽
31%
山城
25%
北勢中央公園口
25%
No matching quizzes found
Score Distribution
Percent of People with Each Score
Percentile by Number Answered
Your Score History
You have not taken this quiz